000 00350nam a2200145Ia 4500
008 221030s9999 xx 000 0 und d
041 _aEnglish
082 _a105.23
_bBru
100 _aE. S. Brumfiel
245 0 _aIntroduction To Mathematics
_cby E. S. Brumfiel
260 _aIndia
_c1961
300 _a319
650 _aBE Mathematics
942 _cBK
999 _c7427
_d7427